000 00675nam a2200289Ia 4500
005 20260324134110.0
008 008 260324s9999 xx 000 0 eng d
020 _a9781315069050
037 _aEBOOK
040 _aCRL
040 _beng
040 _cCRL
041 _2eng
041 _aeng
084 _qCRL
100 _aLiam Gearon
_91161467
245 0 _aEducation in the United Kingdom
245 0 _bStructures and Organisation
260 _bTaylor and Francis
260 _c2002
365 _a
365 _b205
856 _uhttp://www.taylorfrancis.com/books/9781315069050
942 _cEBOOK
999 _c1795275
_d1795275